000 00561nam a2200181 i 4500
001 34782
003 ES-MaACL
005 20240131215212.0
007 t|
008 030211s1962 sp ||||1| spa d
100 1 _aBonnafous, E.
_930218
245 1 0 _aMotores eléctricos... /
_cpor E. Bonnafous ; [traducción de Carlos Murciano].
260 _aBarcelona :
_bGustavo Gili,
_c1962.
300 _a288 p., 4 lám. :
_bil. ;
_c22 cm.
700 1 _aMurciano, Carlos,
_d1931-
_9153351
852 _aES-MaACL
_jC-22465
_bR.51069
999 _c34782
_d34782